The Jungle Book - Characters by Picture - Statistics

General Stats
  • This quiz has been taken 73 times
  • The average score is 11 of 147
Answer Stats
Picture Answer % Correct
Baloo
96%
Mowgli
93%
Shere Khan
74%
Bagheera
72%
King Louie
67%
Kaa
65%
Colonel Hathi
46%
Akela
30%
Mowgli
28%
Baloo
26%
Hathi Jr.
26%
Baloo von Bruinwald XIII
24%
Kaa
24%
Shere Khan
24%
Bagheera
22%
Shere Khan
22%
Baloo
20%
Bagheera
17%
King Louie
17%
Akela
15%
Buzzie
15%
Mowgli
15%
Rama
15%
Colonel Hathi
13%
Flaps
13%
King Louie
13%
Mowgli
13%
Shere Khan
13%
Shere Khan
13%
Akela
11%
Bagheera
11%
Baloo
11%
Dizzy
11%
Hathi
11%
Kaa
11%
King Louie
11%
Ziggy
11%
Louie
7%
Shanti
7%
Don Karnage
4%
Flunkey
4%
Grey Brother
4%
Kit Cloudkicker
4%
Lucky
4%
Mr. Pangolin
4%
Raksha
4%
Raksha
4%
Rocky
4%
Tabaqui
4%
Arthur / Cecil
2%
Grey Brother
2%
Ikki
2%
Katherine 'Kitty' Brydon
2%
Messua
2%
Ranjan
2%
Rebecca Cunningham
2%
The Village Leader / Ranjan's Father
2%
Wildcat
2%
Ace London
0%
Airplane Jane
0%
Austin Featheridge
0%
Babyface Half Nelson
0%
Barney O'Turret
0%
Bob
0%
Broadcast Sally
0%
Buffy Vanderschmere
0%
Buldeo
0%
Buzz
0%
Captain Hotspur
0%
Capt. William Boone
0%
Chancellor Trample
0%
Clementine Clevenger
0%
Col. Geoffrey Brydon
0%
Col. Ivanod Spigot
0%
Colonel Grogg
0%
Cool Hands Luke
0%
Covington
0%
Crazy Edie
0%
Daring Dan Dawson
0%
Deputy Wendell
0%
Detective Thursday
0%
Doctor Axolotl
0%
Doctor Cooper
0%
Doctor Debolt
0%
Doctor Zibaldo
0%
Douglas 'Dougie' Benson
0%
Dr. Julius Plumford
0%
Dumptruck
0%
El Gato
0%
Garth
0%
Gibber
0%
Hacksaw
0%
Hal
0%
Hans
0%
Heimlich Menudo
0%
Helga
0%
Howard Huge
0%
Ignatius
0%
Insp. Ike Burrow
0%
Jack Case
0%
Jock
0%
Joe Magee
0%
Kathy Throgmorton
0%
Katie Dodd
0%
King Amuck
0%
Kitten Kaboodle
0%
Louise L'Amour
0%
Lt. John Wilkins
0%
MacKnee
0%
Mad Dog
0%
Mahra
0%
Mary Elizabeth Cunningham
0%
Mr. Pomeroy
0%
Mr. Simon Perry
0%
Mrs. Morrissey
0%
Mrs. Snarly
0%
Mr. Sultan
0%
Muffy Vanderschmere
0%
Myra Foxworthy
0%
Nathoo
0%
Officer Malarkey
0%
O'Roarke
0%
Oscar Vandersnoot
0%
Owl Capone
0%
Prince Neverhasbeenbroke
0%
Prince Rudolf
0%
Princess Grace
0%
Princess Lotta L'Amour
0%
Prof. Boris Crackpotkin
0%
Prof. Martin Torque
0%
Ralph Throgmorton
0%
Ratchet
0%
Rick Sky
0%
Sadie
0%
Sergeant Dunder
0%
Seymour
0%
Sgt. Harley
0%
Sheriff Gomer Cleghorn
0%
Tabaqui
0%
Thaddeus E. Klang
0%
The High Marshal
0%
Tiny
0%
Trader Moe
0%
Wally
0%
Walters
0%
Wan Lo
0%
Whistlestop Jackson
0%
No matching quizzes found
Score Distribution
Percent of People with Each Score
Percentile by Number Answered
Your Score History
You have not taken this quiz